000 00448nam a2200169Ia 4500
005 20250923144303.0
008 008 250917s9999 xx 000 0 eng d
037 _aTextual
040 _aDSWL
_beng
_cDSWL
041 _aeng
_2eng
084 _qDSWL
245 0 _aCountry planning
_cby Ajriltural,economics, research indtitute Oxford
260 _aLondon
_bOUP
_c1945
300 _a288 p.
942 _cTEXL
999 _c1437024
_d1437024